Normale Ansicht
MARC-Ansicht
Eintrag Personenname
001 - Kontrollnummer
- Kontrollfeld: 69044
003 - Kontrollnummer Identifier
- Kontrollfeld:
005 - Datum und Zeit der letzten Transaktion
- Kontrollfeld: 20260409161750.0
008 - Datenelemente mit fester Länge
- Kontrollfeld mit fester Länge: 260409|| aca||aabn | a|a d
040 ## - Katalogisierungsquelle
- Original-Katalogisierungsstelle:
- Übertragungsstelle:
100 ## - Ansetzung - Personenname
- Personenname: Bangert, Kurt
670 ## - Datenquelle
- Quellenangabe: Work cat.: ()74072: Bangert, Kurt., Muhammad and the Origin of Islam.